<?xml version="1.0" encoding="UTF-8"?>
<record
    xmlns:xsi="http://www.w3.org/2001/XMLSchema-instance"
    xsi:schemaLocation="http://www.loc.gov/MARC21/slim http://www.loc.gov/standards/marcxml/schema/MARC21slim.xsd"
    xmlns="http://www.loc.gov/MARC21/slim">

  <leader>01367cam a22002531i 4500</leader>
  <controlfield tag="003">SA-RiAUC</controlfield>
  <controlfield tag="005">20260306121348.0</controlfield>
  <controlfield tag="008">260302s1994    ku     g      00010bara c</controlfield>
  <datafield tag="040" ind1=" " ind2=" ">
    <subfield code="a">SA-JeALM</subfield>
    <subfield code="b">ara</subfield>
    <subfield code="c">SA-RiAUC</subfield>
    <subfield code="e">rda</subfield>
  </datafield>
  <datafield tag="082" ind1="0" ind2="4">
    <subfield code="a">239</subfield>
    <subfield code="q">SA-RiAUC</subfield>
  </datafield>
  <datafield tag="090" ind1=" " ind2=" ">
    <subfield code="a">239</subfield>
    <subfield code="b">&#x62D; &#x644; &#x628;</subfield>
  </datafield>
  <datafield tag="100" ind1=" " ind2=" ">
    <subfield code="a">&#x627;&#x644;&#x62D;&#x644;&#x628;&#x64A;&#x60C; &#x628;&#x643;&#x631;&#x64A; &#x631;&#x62C;&#x628; &#x627;&#x644;&#x628;&#x627;&#x628;&#x64A;</subfield>
    <subfield code="d">&#x62A;&#x648;&#x641;&#x64A; 1399 &#x647;&#x640;</subfield>
  </datafield>
  <datafield tag="245" ind1="0" ind2="0">
    <subfield code="a">&#x627;&#x644;&#x633;&#x64A;&#x631;&#x629; &#x627;&#x644;&#x646;&#x628;&#x648;&#x64A;&#x629; &#x627;&#x644;&#x645;&#x648;&#x62C;&#x632;&#x629; &#x623;&#x648; &#x627;&#x644;&#x645;&#x648;&#x644;&#x62F; &#x627;&#x644;&#x646;&#x628;&#x648;&#x64A; &#x628;&#x623;&#x62D;&#x627;&#x62F;&#x64A;&#x62B; &#x627;&#x644;&#x62A;&#x631;&#x63A;&#x64A;&#x628; &#x648;&#x627;&#x644;&#x62A;&#x631;&#x647;&#x64A;&#x628; &#x645;&#x646; &#x643;&#x644;&#x627;&#x645; &#x627;&#x644;&#x645;&#x635;&#x637;&#x641;&#x649; &#x627;&#x644;&#x62D;&#x628;&#x64A;&#x628; &#x635;&#x644;&#x649; &#x627;&#x644;&#x644;&#x647; &#x639;&#x644;&#x64A;&#x647; &#x648;&#x633;&#x644;&#x645;</subfield>
    <subfield code="c">&#x62A;&#x623;&#x644;&#x64A;&#x641; &#x627;&#x644;&#x634;&#x64A;&#x62E; &#x628;&#x643;&#x631;&#x64A; &#x631;&#x62C;&#x628; &#x627;&#x644;&#x628;&#x627;&#x628;&#x64A; &#x627;&#x644;&#x62D;&#x644;&#x628;&#x64A; &#x60C; &#x627;&#x639;&#x62A;&#x646;&#x649; &#x628;&#x647; &#x627;&#x644;&#x634;&#x64A;&#x62E; &#x623;&#x633;&#x627;&#x645;&#x629; &#x628;&#x646; &#x633;&#x639;&#x64A;&#x62F; &#x628;&#x646; &#x639;&#x645;&#x631; &#x645;&#x646;&#x633;&#x64A;</subfield>
  </datafield>
  <datafield tag="264" ind1=" " ind2="1">
    <subfield code="a">( &#x645;&#x643;&#x629; &#x627;&#x644;&#x645;&#x643;&#x631;&#x645;&#x629; ) :</subfield>
    <subfield code="b">&#x60C;[&#x627;&#x644;&#x646;&#x627;&#x634;&#x631; &#x63A;&#x64A;&#x631; &#x645;&#x62D;&#x62F;&#x62F;]&#x60C;</subfield>
    <subfield code="c">2013</subfield>
  </datafield>
  <datafield tag="300" ind1=" " ind2=" ">
    <subfield code="a">130 &#x635;&#x641;&#x62D;&#x629; &#x61B;</subfield>
    <subfield code="c">16 &#x633;&#x645;.</subfield>
  </datafield>
  <datafield tag="336" ind1=" " ind2=" ">
    <subfield code="a">&#x646;&#x635;</subfield>
    <subfield code="b">txt</subfield>
    <subfield code="2">rdacontent</subfield>
    <subfield code="3">&#x643;&#x62A;&#x627;&#x628;</subfield>
  </datafield>
  <datafield tag="337" ind1=" " ind2=" ">
    <subfield code="a">&#x628;&#x62F;&#x648;&#x646; &#x648;&#x633;&#x64A;&#x637;</subfield>
    <subfield code="b">n</subfield>
    <subfield code="2">rdamedia</subfield>
  </datafield>
  <datafield tag="500" ind1=" " ind2=" ">
    <subfield code="a">&#x627;&#x647;&#x62F;&#x627;&#x621; &#x645;&#x646; &#x645;&#x62D;&#x645;&#x62F; &#x635;&#x627;&#x644;&#x62D; &#x633;&#x639;&#x64A;&#x62F; &#x627;&#x644;&#x637;&#x641; &#x627;&#x644;&#x649; &#x627;&#x644;&#x634;&#x64A;&#x62E; &#x631;&#x62D;&#x645;&#x647; &#x627;&#x644;&#x644;&#x647; &#x628;&#x62A;&#x627;&#x631;&#x64A;&#x62E; 25 / 8 / 1435 &#x647;&#x640;</subfield>
  </datafield>
  <datafield tag="600" ind1="0" ind2="7">
    <subfield code="a">&#x645;&#x62D;&#x645;&#x62F; (&#x635;&#x644;&#x649; &#x627;&#x644;&#x644;&#x647; &#x639;&#x644;&#x64A;&#x647; &#x648;&#x633;&#x644;&#x645;)&#x60C;</subfield>
    <subfield code="d">53 &#x642;&#x628;&#x644; &#x627;&#x644;&#x647;&#x62C;&#x631;&#x629;-11 &#x647;&#x62C;&#x631;&#x64A;</subfield>
    <subfield code="2">aucnm</subfield>
  </datafield>
  <datafield tag="650" ind1=" " ind2="7">
    <subfield code="a">&#x627;&#x644;&#x633;&#x64A;&#x631;&#x629; &#x627;&#x644;&#x646;&#x628;&#x648;&#x64A;&#x629;</subfield>
    <subfield code="2">aucsh</subfield>
  </datafield>
  <datafield tag="700" ind1=" " ind2=" ">
    <subfield code="a">&#x645;&#x646;&#x633;&#x64A;&#x60C; &#x623;&#x633;&#x627;&#x645;&#x629; &#x628;&#x646; &#x633;&#x639;&#x64A;&#x62F; &#x628;&#x646; &#x639;&#x645;&#x631;</subfield>
    <subfield code="e">&#x645;&#x62D;&#x642;&#x642;.</subfield>
  </datafield>
  <datafield tag="942" ind1=" " ind2=" ">
    <subfield code="2">ddc</subfield>
    <subfield code="c">BOOK</subfield>
    <subfield code="n">0</subfield>
  </datafield>
  <datafield tag="949" ind1=" " ind2=" ">
    <subfield code="a">SA-JeALM</subfield>
    <subfield code="d">260302</subfield>
    <subfield code="u">osman123</subfield>
    <subfield code="n">1</subfield>
  </datafield>
  <datafield tag="952" ind1=" " ind2=" ">
    <subfield code="0">0</subfield>
    <subfield code="1">0</subfield>
    <subfield code="2">ddc</subfield>
    <subfield code="4">0</subfield>
    <subfield code="7">0</subfield>
    <subfield code="8">gift</subfield>
    <subfield code="a">WAHAB</subfield>
    <subfield code="b">WAHAB</subfield>
    <subfield code="d">2026-03-06</subfield>
    <subfield code="l">0</subfield>
    <subfield code="o">239  &#x62D; &#x644; &#x628;</subfield>
    <subfield code="p">000022925</subfield>
    <subfield code="r">2026-03-06 12:14:06</subfield>
    <subfield code="w">2026-03-06</subfield>
    <subfield code="y">BOOK</subfield>
  </datafield>
  <datafield tag="999" ind1=" " ind2=" ">
    <subfield code="c">14476</subfield>
    <subfield code="d">14476</subfield>
  </datafield>
</record>
